Statistics for All Deserts with an "H" in their name

Click here to take the quiz!

General Stats

  • This quiz has been taken 7 times
    (2 since last reset)
  • The average score is 2 of 7

Answer Stats

Answer% Correct
Kalahari Desert
100%
Sahara Desert
50%
Chihuahuan Desert
0%
Dasht-e Kavir
0%
Dasht-e Lut
0%
Dasht-e Margo
0%
Thar Desert
0%

Score Distribution

Percentile by Number Answered

Percent of People with Each Score

Your Score History

You have not taken this quiz since the last reset